000 01252cam a2200337 a 4500
001 2053402
005 20240818092913.0
008 931222s1994 enka b 001 0 eng
010 _a93049759
020 _a0521462584
020 _a0521063485
020 _a9780521462587 (hardback)
020 _a9780521063487 (paperback)
040 _aDLC
_cDLC
_dDLC
050 0 0 _aQA247
_b.D28 1994
082 0 0 _a512.4
_220
_bDAU
100 1 _aDauns, John.
_93570
245 1 0 _aModules and Rings /
_cJohn Dauns.
260 _aCambridge, England ;
_aNew York :
_bCambridge University Press,
_cc1994.
300 _axviii, 442 p. :
_bill. ;
_c24 cm.
504 _aIncludes bibliographical references (p. 432-435) and indexes.
650 0 _aModules (Algebra)
_93571
650 0 _aRings (Algebra)
_93572
856 4 1 _3Table of contents
_uhttp://www.loc.gov/catdir/toc/cam023/93049759.html
856 4 2 _3Publisher description
_uhttp://www.loc.gov/catdir/description/cam026/93049759.html
942 _2ddc
_cBB
_hRDA-MOD
999 _c11275
_d11275
336 _2rdacontent
_atext
_btxt
337 _aunmediated
_2rdamedia
_bn
338 _avolume
_bnc
_2rdacarrier